Statistics for Impossible flags

Click here to take the quiz!

General Stats

  • This quiz has been taken 85 times
  • The average score is 19 of 22

Answer Stats

Answer% Correct
Malta
96%
Seychelles
96%
Singapore
96%
F.S Micronesia
95%
Palau
95%
Tonga
95%
Samoa
93%
Brunei
92%
Comoros
92%
fiji
92%
Kiribati
92%
Tuvalu
92%
Vanuatu
92%
Marshall
89%
Solomon
86%
Faroe
81%
Cook
77%
Aruba
73%
Niue
73%
Bermuda
70%
Tokelau
65%
Pitcairn
57%

Score Distribution

Percentile by Number Answered

Percent of People with Each Score

Your Score History

You have not taken this quiz